Statistics for Countries by Former Name (HARD!)

Click here to take the quiz!

General Stats

  • This quiz has been taken 1,593 times
    (499 since last reset)
  • The average score is 57 of 151

Answer Stats

Former NameCurrent Name% Correct
BurmaMyanmar
86%
AbyssiniaEthiopia
84%
British North AmericaCanada
81%
MacedoniaNorth Macedonia
81%
Ottoman EmpireTurkey
79%
PersiaIran
78%
East PakistanBangladesh
77%
CeylonSri Lanka
77%
British HondurasBelize
76%
BohemiaCzech Republic
76%
ByelorussiaBelarus
75%
MesopotamiaIraq
75%
SiamThailand
75%
SwazilandEswatini
73%
Dutch East IndiesIndonesia
73%
MalayaMalaysia
73%
Middle CongoRep. of the Congo
73%
HispaniaSpain
73%
Dutch GuianaSuriname
72%
ZaireD. R. Congo
71%
HindustanIndia
70%
Regency of AlgiersAlgeria
69%
South ArabiaYemen
69%
Spanish HaitiDominican Republic
68%
British East AfricaKenya
68%
French TogolandTogo
68%
KamerunCameroon
67%
JudeaIsrael
67%
Nova ZeelandiaNew Zealand
67%
RuandaRwanda
67%
Cape ColonySouth Africa
67%
Southern RhodesiaZimbabwe
67%
Gold CoastGhana
66%
Thirteen ColoniesUnited States
66%
Northern RhodesiaZambia
66%
French SomalilandDjibouti
65%
Austrian NetherlandsBelgium
64%
GaulFrance
64%
TransjordanJordan
64%
South West AfricaNamibia
63%
KampucheaCambodia
61%
Tsardom of MuscovyRussia
61%
Upper HungarySlovakia
61%
FormosaTaiwan
61%
German East AfricaTanzania
61%
Portuguese East AfricaMozambique
60%
Western SamoaSamoa
60%
Rio de la PlataArgentina
59%
Portuguese GuineaGuinea-Bissau
59%
Spanish GuineaEquatorial Guinea
56%
New SpainMexico
56%
Portuguese West AfricaAngola
55%
TripolitaniaLibya
55%
Spanish East IndiesPhilippines
55%
Wallachia and MoldaviaRomania
55%
FeejeeFiji
54%
Helvetic RepublicSwitzerland
53%
Upper PeruBolivia
52%
Malagasy RepublicMadagascar
52%
KirghiziaKyrgyzstan
50%
DahomeyBenin
49%
PhoeniciaLebanon
49%
UrundiBurundi
48%
Upper VoltaBurkina Faso
46%
French SudanMali
44%
East FranciaGermany
43%
CossackiaUkraine
42%
New HollandAustralia
39%
BechuanalandBotswana
39%
Gilbert IslandsKiribati
39%
Hejaz and NejdSaudi Arabia
39%
CathayChina
38%
Saint-DomingueHaiti
38%
BasutolandLesotho
38%
NyasalandMalawi
38%
HiberniaIreland
36%
LusitaniaPortugal
36%
Mamluk SultanateEgypt
35%
BessarabiaMoldova
35%
Côte de DentsIvory Coast
33%
Lan XangLaos
33%
Mauretania TingitanaMorocco
31%
Gorkha KingdomNepal
28%
Norðmanna LandNorway
28%
Horion BosonaBosnia and Herzegovina
27%
New HebridesVanuatu
26%
SnælandIceland
25%
New GranadaColombia
24%
BataviaNetherlands
24%
Trucial StatesUnited Arab Emirates
24%
AnnamVietnam
24%
ChrobatiaCroatia
22%
MelitaMalta
22%
OstmarkAustria
21%
Ellice IslandsTuvalu
21%
PannoniaHungary
19%
Alash AutonomyKazakhstan
19%
IfriqiyaTunisia
19%
KibrisCyprus
18%
Durrani EmpireAfghanistan
16%
CuzcatlanEl Salvador
16%
ÖsterlandFinland
16%
CarniolaSlovenia
16%
CisplatinaUruguay
15%
Bilad al-ShamSyria
14%
Mahdist StateSudan
13%
Lho MonBhutan
12%
Ubangi-ShariCentral African Republic
12%
WaJapan
12%
Pepper CoastLiberia
12%
New CastilePeru
12%
CataraQatar
12%
Friendly IslandsTonga
12%
Isla JuanaCuba
11%
Dheeva MahalMaldives
11%
Isle de FranceMauritius
11%
MonoikosMonaco
11%
ZetaMontenegro
11%
Pleasant IslandNauru
11%
Klein-VenedigVenezuela
11%
ArbanonAlbania
9%
UrartuArmenia
8%
Terra de Santa CruzBrazil
8%
ComayaguaHonduras
8%
XaymacaJamaica
8%
DardaniaKosovo
8%
LucilinburhucLuxembourg
8%
New ExtremaduraChile
7%
BaruneBrunei
6%
Civitas SchinesghePoland
6%
RasciaSerbia
6%
Medri BahriEritrea
5%
Intendencia of LeónNicaragua
5%
Province of FreedomSierra Leone
5%
CamajuyaGrenada
4%
Enchanted IslandsPalau
4%
ArranAzerbaijan
3%
IchirouganaimBarbados
3%
New CarthageCosta Rica
3%
Hieros KolposKuwait
3%
Syonan-toSingapore
3%
OnoguriaBulgaria
2%
OrunguGabon
2%
MaganOman
2%
Tierra FirmePanama
2%
LiamuigaSt. Kitts and Nevis
2%
El FalconSt. Lucia
2%
Wadadli and Wa'omoniAntigua and Barbuda
1%
Wai‘tu kubuliDominica
1%
WehaliEast Timor
1%
YouloumainSt. Vincent and the Grenadines
1%

Score Distribution

Percentile by Number Answered

Percent of People with Each Score

Your Score History

You have not taken this quiz since the last reset